[Event "DEM U8 2024"]
[Site "Willingen GER"]
[Date "2024.05.24"]
[Round "6"]
[White "Hadelich, Taron"]
[Black "Shtogrin, Joseph Stephan"]
[Result "0-1"]
[Termination "normal"]
[Board "19"]
[WhiteElo "785"]
[BlackElo "1251"]
[WhiteClock "00:38:55"]
[BlackClock "00:54:25"]
[PlyCount "40"]
[BlackFideId "34666087"]
[EventCountry "GER"]
[EventRounds "7"]
[EventType "swiss"]
[EventDate "2024.05.21"]

1. e4 {[%clk 01:00:24]} {[%emt 00:00:05]} e5 {[%clk 01:00:27]} {[%emt
00:00:04]} 2. Nf3 {[%clk 01:00:26]} {[%emt 00:00:15]} Nf6 {[%clk 01:00:32]}
{[%emt 00:00:08]} 3. Nxe5 {[%clk 00:59:56]} {[%emt 00:00:35]} d6 {[%clk
01:00:46]} {[%emt 00:00:11]} 4. Nf3 {[%clk 00:59:48]} {[%emt 00:00:23]} Nxe4
{[%clk 01:00:53]} {[%emt 00:00:08]} 5. Qe2 {[%clk 00:59:48]} {[%emt 00:00:16]}
Qe7 {[%clk 01:00:59]} {[%emt 00:00:08]} 6. d3 {[%clk 00:59:52]} {[%emt
00:00:11]} Nf6 {[%clk 01:01:08]} {[%emt 00:00:05]} 7. Nc3 {[%clk 00:59:50]}
{[%emt 00:00:18]} Nc6 {[%clk 01:01:05]} {[%emt 00:00:17]} 8. Bg5 {[%clk
00:59:07]} {[%emt 00:00:59]} Be6 {[%clk 01:00:46]} {[%emt 00:00:34]} 9. O-O-O
{[%emt 00:04:21]} O-O-O {[%emt 00:00:29]} 10. d4 {[%clk 00:53:34]} {[%emt
00:00:54]} d5 {[%emt 00:00:47]} 11. Ne5 {[%clk 00:49:37]} {[%emt 00:03:57]} h6
{[%clk 00:58:29]} {[%emt 00:02:19]} 12. Nxc6 {[%clk 00:49:07]} {[%emt
00:00:46]} bxc6 {[%clk 00:57:58]} {[%emt 00:00:45]} 13. Bxf6 {[%clk 00:47:45]}
{[%emt 00:01:36]} Qxf6 {[%clk 00:57:43]} {[%emt 00:00:30]} 14. Qa6+ {[%emt
00:01:10]} Kd7 {[%clk 00:57:18]} {[%emt 00:00:36]} 15. Qxa7 {[%clk 00:45:03]}
{[%emt 00:02:05]} Qxf2 {[%clk 00:56:31]} {[%emt 00:01:01]} 16. Rd2 {[%clk
00:42:30]} {[%emt 00:02:51]} Qe1+ {[%clk 00:55:24]} {[%emt 00:01:20]} 17. Nd1
{[%clk 00:41:26]} {[%emt 00:01:18]} Be7 {[%emt 00:01:04]} 18. Re2 {[%clk
00:40:27]} {[%emt 00:01:03]} Bg5+ {[%clk 00:54:36]} {[%emt 00:00:27]} 19. Re3
{[%clk 00:38:59]} {[%emt 00:02:40]} Bxe3+ {[%clk 00:54:30]} {[%emt 00:00:21]}
20. Kb1 {[%clk 00:38:55]} {[%emt 00:00:18]} Qxd1# {[%clk 00:54:25]} {[%emt
00:00:21]} 0-1

[Event "DEM U8 2024"]
[Site "Willingen GER"]
[Date "2024.05.24"]
[Round "6"]
[White "Gerhardt, Noah"]
[Black "Guan, Guoyou"]
[Result "1-0"]
[Termination "normal"]
[Board "20"]
[WhiteElo "1244"]
[BlackElo "1136"]
[WhiteClock "00:53:39"]
[BlackClock "00:55:46"]
[PlyCount "57"]
[WhiteFideId "34696083"]
[BlackFideId "34649492"]
[EventCountry "GER"]
[EventRounds "7"]
[EventType "swiss"]
[EventDate "2024.05.21"]

1. e4 {[%clk 01:00:29]} e5 {[%clk 01:00:15]} {[%emt 00:00:04]} 2. Nf3 {[%clk
01:00:41]} {[%emt 00:00:14]} Nc6 {[%clk 01:00:24]} {[%emt 00:00:07]} 3. Bc4
{[%clk 01:00:44]} {[%emt 00:00:11]} Nf6 {[%clk 01:00:33]} {[%emt 00:00:08]} 4.
Nc3 {[%clk 01:00:39]} {[%emt 00:00:18]} Nxe4 {[%emt 00:00:15]} 5. Nxe4 {[%clk
01:00:42]} {[%emt 00:00:09]} d5 {[%clk 01:00:43]} {[%emt 00:00:09]} 6. Bd3
{[%clk 01:00:47]} {[%emt 00:00:09]} dxe4 {[%clk 01:00:50]} {[%emt 00:00:08]} 7.
Bxe4 {[%clk 01:00:51]} {[%emt 00:00:12]} Bg4 {[%clk 01:00:55]} {[%emt
00:00:10]} 8. h3 {[%clk 01:00:49]} {[%emt 00:00:16]} Bh5 {[%clk 01:01:07]}
{[%emt 00:00:04]} 9. O-O {[%clk 01:00:51]} {[%emt 00:00:13]} Nd4 {[%clk
01:01:16]} {[%emt 00:00:06]} 10. c3 {[%clk 01:00:39]} {[%emt 00:00:25]} Nxf3+
{[%clk 01:01:25]} {[%emt 00:00:08]} 11. Bxf3 {[%clk 01:00:41]} {[%emt
00:00:11]} Bxf3 {[%clk 01:01:30]} {[%emt 00:00:12]} 12. Qxf3 {[%clk 01:00:47]}
{[%emt 00:00:09]} Bd6 {[%clk 01:01:27]} {[%emt 00:00:18]} 13. Qxb7 {[%clk
01:00:42]} {[%emt 00:00:20]} O-O {[%clk 01:01:36]} {[%emt 00:00:08]} 14. Qf3
{[%clk 01:00:40]} {[%emt 00:00:16]} f5 {[%clk 01:00:51]} {[%emt 00:01:00]} 15.
Qd5+ {[%clk 01:00:30]} {[%emt 00:00:26]} Kh8 {[%emt 00:00:13]} 16. Qb3 {[%clk
01:00:21]} {[%emt 00:00:20]} e4 {[%clk 01:00:55]} {[%emt 00:00:16]} 17. Qd1
{[%clk 00:59:47]} {[%emt 00:00:48]} f4 {[%clk 01:01:01]} {[%emt 00:00:10]} 18.
d3 {[%clk 00:58:27]} {[%emt 00:01:35]} f3 {[%clk 01:00:53]} {[%emt 00:00:24]}
19. g3 {[%clk 00:56:44]} {[%emt 00:01:57]} Qd7 {[%clk 01:00:45]} {[%emt
00:00:24]} 20. Kh2 {[%clk 00:56:21]} {[%emt 00:00:35]} Rf6 {[%clk 00:59:57]}
{[%emt 00:01:05]} 21. dxe4 {[%clk 00:55:57]} {[%emt 00:00:39]} Raf8 {[%clk
00:59:55]} {[%emt 00:00:17]} 22. e5 {[%clk 00:55:32]} {[%emt 00:00:41]} Rh6
{[%clk 01:00:05]} {[%emt 00:00:05]} 23. Bxh6 {[%clk 00:55:37]} {[%emt
00:00:09]} gxh6 {[%clk 00:59:48]} {[%emt 00:00:33]} 24. exd6 {[%clk 00:55:43]}
{[%emt 00:00:09]} cxd6 {[%clk 00:59:31]} {[%emt 00:00:31]} 25. Qd2 {[%clk
00:55:42]} {[%emt 00:00:17]} Qe6 {[%clk 00:59:05]} {[%emt 00:00:40]} 26. Rfe1
{[%clk 00:55:27]} {[%emt 00:00:28]} Qg6 {[%clk 00:58:28]} {[%emt 00:00:52]} 27.
Rad1 {[%clk 00:54:31]} {[%emt 00:01:13]} Rg8 {[%clk 00:57:17]} {[%emt
00:01:26]} 28. Qxd6 {[%clk 00:53:48]} {[%emt 00:00:58]} Qg7 {[%clk 00:55:46]}
{[%emt 00:01:45]} 29. Qd4 {[%clk 00:53:39]} {[%emt 00:01:40]} 1-0

[Event "DEM U8 2024"]
[Site "Willingen GER"]
[Date "2024.05.24"]
[Round "6"]
[White "Mukazhanov, Arslan"]
[Black "Schulze, Jonas"]
[Result "1-0"]
[Termination "normal"]
[Board "21"]
[WhiteElo "1567"]
[BlackElo "986"]
[WhiteClock "00:56:25"]
[BlackClock "00:53:43"]
[PlyCount "41"]
[WhiteFideId "34647686"]
[BlackFideId "34687912"]
[EventCountry "GER"]
[EventRounds "7"]
[EventType "swiss"]
[EventDate "2024.05.21"]

1. e4 {[%clk 01:00:28]} e5 {[%clk 01:00:23]} {[%emt 00:00:07]} 2. Nf3 {[%clk
01:00:36]} {[%emt 00:00:07]} Nc6 {[%clk 01:00:34]} {[%emt 00:00:05]} 3. Bc4
{[%clk 01:00:43]} {[%emt 00:00:09]} Bc5 {[%clk 01:00:44]} {[%emt 00:00:05]} 4.
O-O {[%clk 01:00:35]} {[%emt 00:00:23]} Nf6 {[%clk 01:00:50]} {[%emt 00:00:08]}
5. Nc3 {[%clk 01:00:43]} {[%emt 00:00:08]} d6 {[%clk 01:00:52]} {[%emt
00:00:13]} 6. d3 {[%clk 01:00:29]} {[%emt 00:00:28]} h6 {[%clk 01:01:00]}
{[%emt 00:00:07]} 7. Be3 {[%clk 01:00:38]} {[%emt 00:00:07]} Bb6 {[%clk
01:01:11]} {[%emt 00:00:04]} 8. Qd2 {[%clk 01:00:06]} {[%emt 00:00:47]} Bxe3
{[%clk 00:59:15]} {[%emt 00:02:10]} 9. fxe3 {[%clk 01:00:10]} {[%emt 00:00:10]}
O-O {[%clk 00:59:21]} {[%emt 00:00:09]} 10. d4 {[%clk 01:00:18]} {[%emt
00:00:08]} Re8 {[%clk 00:59:03]} {[%emt 00:00:32]} 11. Qf2 {[%clk 00:59:41]}
{[%emt 00:00:52]} Be6 {[%clk 00:58:37]} {[%emt 00:00:42]} 12. d5 {[%clk
00:59:33]} {[%emt 00:00:23]} Na5 {[%emt 00:00:44]} 13. dxe6 {[%clk 00:58:42]}
{[%emt 00:00:54]} Nxc4 {[%clk 00:58:29]} {[%emt 00:00:07]} 14. exf7+ {[%clk
00:58:37]} {[%emt 00:00:19]} Kxf7 {[%clk 00:58:30]} {[%emt 00:00:14]} 15. b3
{[%clk 00:58:35]} {[%emt 00:00:16]} Nb6 {[%clk 00:58:38]} {[%emt 00:00:08]} 16.
Qg3 {[%clk 00:58:02]} {[%emt 00:00:42]} Kg8 {[%clk 00:58:17]} {[%emt 00:00:40]}
17. Nh4 {[%clk 00:57:45]} {[%emt 00:00:33]} Qd7 {[%clk 00:57:08]} {[%emt
00:01:24]} 18. Rxf6 {[%clk 00:57:25]} {[%emt 00:00:36]} Qe7 {[%clk 00:55:23]}
{[%emt 00:01:59]} 19. Rxh6 {[%clk 00:57:12]} {[%emt 00:00:27]} Rf8 {[%clk
00:54:34]} {[%emt 00:01:03]} 20. Rh8+ {[%clk 00:56:38]} {[%emt 00:00:52]} Kf7
{[%clk 00:53:43]} {[%emt 00:01:05]} 21. Qg6# {[%clk 00:56:25]} {[%emt
00:00:14]} 1-0

[Event "DEM U8 2024"]
[Site "Willingen GER"]
[Date "2024.05.24"]
[Round "6"]
[White "Fritsch, Julian"]
[Black "Schmidt, Simon"]
[Result "1-0"]
[Termination "normal"]
[Board "23"]
[WhiteElo "1136"]
[BlackElo "943"]
[WhiteClock "00:15:36"]
[BlackClock "00:09:39"]
[PlyCount "137"]
[WhiteFideId "34626964"]
[EventCountry "GER"]
[EventRounds "7"]
[EventType "swiss"]
[EventDate "2024.05.21"]

1. e4 {[%clk 01:00:29]} {[%emt 00:23:27]} d5 {[%clk 01:00:20]} {[%emt
00:00:10]} 2. exd5 {[%clk 01:00:11]} {[%emt 00:00:34]} Nf6 {[%clk 01:00:00]}
{[%emt 00:00:35]} 3. Nf3 {[%clk 00:59:18]} {[%emt 00:01:09]} Nxd5 {[%clk
00:58:46]} {[%emt 00:01:27]} 4. d4 {[%clk 00:58:59]} {[%emt 00:00:36]} Bf5
{[%clk 00:57:03]} {[%emt 00:01:57]} 5. Bc4 {[%clk 00:57:52]} {[%emt 00:01:23]}
e6 {[%clk 00:56:09]} {[%emt 00:01:09]} 6. O-O {[%clk 00:56:46]} {[%emt
00:01:20]} Bd6 {[%clk 00:55:32]} {[%emt 00:00:52]} 7. Bg5 {[%clk 00:55:54]}
{[%emt 00:01:07]} f6 {[%clk 00:54:47]} {[%emt 00:01:00]} 8. Be3 {[%clk
00:56:01]} {[%emt 00:00:08]} Nc6 {[%clk 00:54:00]} {[%emt 00:01:02]} 9. Nbd2
{[%clk 00:55:17]} {[%emt 00:00:59]} O-O {[%clk 00:53:18]} {[%emt 00:00:58]} 10.
c3 {[%clk 00:54:18]} {[%emt 00:01:14]} Qe7 {[%clk 00:52:26]} {[%emt 00:01:07]}
11. Qb3 {[%clk 00:53:57]} {[%emt 00:00:36]} Nxe3 {[%clk 00:51:54]} {[%emt
00:00:46]} 12. fxe3 {[%clk 00:53:58]} {[%emt 00:00:14]} Qf7 {[%clk 00:50:36]}
{[%emt 00:01:33]} 13. Qxb7 {[%clk 00:52:47]} {[%emt 00:01:26]} Ne7 {[%clk
00:49:16]} {[%emt 00:01:34]} 14. Qb3 {[%clk 00:52:04]} {[%emt 00:00:57]} Nd5
{[%clk 00:48:28]} {[%emt 00:01:03]} 15. Rfe1 {[%clk 00:51:48]} {[%emt
00:00:32]} Bg6 {[%clk 00:47:11]} {[%emt 00:01:32]} 16. e4 {[%clk 00:50:19]}
{[%emt 00:01:44]} Qd7 {[%clk 00:44:58]} {[%emt 00:02:28]} 17. exd5 {[%clk
00:49:46]} {[%emt 00:00:47]} Qe7 {[%clk 00:44:20]} {[%emt 00:00:55]} 18. Rxe6
{[%clk 00:49:06]} {[%emt 00:00:54]} Qd7 {[%clk 00:43:38]} {[%emt 00:00:58]} 19.
Qb5 {[%clk 00:45:37]} {[%emt 00:03:44]} Qf7 {[%clk 00:42:18]} {[%emt 00:01:34]}
20. Rae1 {[%clk 00:43:00]} {[%emt 00:02:53]} Bf5 {[%clk 00:40:15]} {[%emt
00:02:18]} 21. R6e3 {[%clk 00:42:26]} {[%emt 00:00:49]} Rab8 {[%clk 00:39:25]}
{[%emt 00:01:05]} 22. Qa6 {[%clk 00:41:06]} {[%emt 00:01:35]} Rxb2 {[%clk
00:38:49]} {[%emt 00:00:52]} 23. Bb3 {[%clk 00:40:27]} {[%emt 00:00:53]} Qg6
{[%clk 00:35:59]} {[%emt 00:03:05]} 24. Nh4 {[%clk 00:36:47]} {[%emt 00:03:53]}
Qg5 {[%clk 00:34:22]} {[%emt 00:01:54]} 25. Nxf5 {[%clk 00:35:50]} {[%emt
00:01:11]} Qxf5 {[%clk 00:34:16]} {[%emt 00:00:22]} 26. Nf3 {[%clk 00:35:01]}
{[%emt 00:01:04]} Qg6 {[%clk 00:33:02]} {[%emt 00:01:29]} 27. R3e2 {[%clk
00:31:43]} {[%emt 00:03:32]} Rxe2 {[%clk 00:32:20]} {[%emt 00:00:58]} 28. Rxe2
{[%clk 00:31:50]} {[%emt 00:00:09]} f5 {[%clk 00:31:15]} {[%emt 00:01:19]} 29.
Ne5 {[%clk 00:29:46]} {[%emt 00:02:20]} Qh5 {[%clk 00:30:39]} {[%emt 00:00:50]}
30. Rf2 {[%clk 00:26:32]} {[%emt 00:03:29]} Rf6 {[%clk 00:27:09]} {[%emt
00:03:46]} 31. Qc8+ {[%clk 00:25:14]} {[%emt 00:01:32]} Rf8 {[%clk 00:26:17]}
{[%emt 00:01:08]} 32. Qe6+ {[%clk 00:25:09]} {[%emt 00:00:20]} Kh8 {[%clk
00:25:33]} {[%emt 00:00:58]} 33. g4 {[%clk 00:22:44]} {[%emt 00:02:40]} Qh3
{[%clk 00:24:58]} {[%emt 00:00:50]} 34. Nf7+ {[%clk 00:22:14]} {[%emt
00:00:44]} Rxf7 {[%clk 00:24:39]} {[%emt 00:00:34]} 35. Qxf7 {[%clk 00:22:08]}
{[%emt 00:00:22]} Qxg4+ {[%clk 00:24:01]} {[%emt 00:00:53]} 36. Kf1 {[%clk
00:20:08]} {[%emt 00:02:15]} Qh3+ {[%clk 00:23:17]} {[%emt 00:01:00]} 37. Ke2
{[%clk 00:19:09]} {[%emt 00:01:14]} Qg4+ {[%clk 00:22:17]} {[%emt 00:01:15]}
38. Kd3 {[%clk 00:18:15]} {[%emt 00:01:10]} Qe4+ {[%clk 00:21:06]} {[%emt
00:01:26]} 39. Kc4 {[%clk 00:18:08]} {[%emt 00:00:21]} h6 {[%clk 00:21:00]}
{[%emt 00:00:20]} 40. Qxf5 {[%clk 00:17:30]} {[%emt 00:00:53]} Qxf5 {[%clk
00:20:54]} {[%emt 00:00:21]} 41. Rxf5 {[%clk 00:17:38]} {[%emt 00:00:07]} Bxh2
{[%clk 00:20:33]} {[%emt 00:00:37]} 42. Kb5 {[%clk 00:17:12]} {[%emt 00:00:41]}
g6 {[%clk 00:20:31]} {[%emt 00:00:15]} 43. Rf2 {[%clk 00:16:17]} {[%emt
00:01:11]} Bg1 {[%clk 00:19:46]} {[%emt 00:01:00]} 44. Rg2 {[%clk 00:16:10]}
{[%emt 00:00:22]} Be3 {[%clk 00:19:11]} {[%emt 00:00:49]} 45. Rxg6 {[%clk
00:15:50]} {[%emt 00:00:35]} Kh7 {[%clk 00:18:37]} {[%emt 00:00:50]} 46. Rc6
{[%clk 00:15:44]} {[%emt 00:00:22]} Bf4 {[%clk 00:18:21]} {[%emt 00:00:30]} 47.
Ka6 {[%clk 00:15:42]} {[%emt 00:00:17]} h5 {[%clk 00:18:23]} {[%emt 00:00:13]}
48. Bd1 {[%clk 00:15:07]} {[%emt 00:00:50]} h4 {[%clk 00:17:26]} {[%emt
00:01:13]} 49. Bg4 {[%clk 00:15:07]} {[%emt 00:00:14]} Kg7 {[%clk 00:17:04]}
{[%emt 00:00:38]} 50. Kxa7 {[%clk 00:15:04]} {[%emt 00:00:17]} Bd6 {[%clk
00:16:29]} {[%emt 00:00:50]} 51. a4 {[%clk 00:14:48]} {[%emt 00:00:32]} Kg6
{[%clk 00:15:33]} {[%emt 00:01:10]} 52. a5 {[%clk 00:14:40]} {[%emt 00:00:23]}
Kg5 {[%clk 00:15:13]} {[%emt 00:00:36]} 53. Bh3 {[%clk 00:14:12]} {[%emt
00:00:43]} Kf4 {[%clk 00:14:45]} {[%emt 00:00:43]} 54. a6 {[%clk 00:14:17]}
{[%emt 00:00:10]} Kg3 {[%clk 00:14:07]} {[%emt 00:00:53]} 55. Be6 {[%clk
00:14:24]} {[%emt 00:00:08]} h3 {[%clk 00:13:18]} {[%emt 00:01:04]} 56. Bxh3
{[%clk 00:14:31]} {[%emt 00:00:08]} Kxh3 {[%clk 00:13:10]} {[%emt 00:00:23]}
57. Rxd6 {[%clk 00:14:37]} {[%emt 00:00:10]} cxd6 {[%clk 00:12:52]} {[%emt
00:00:33]} 58. Kb7 {[%clk 00:14:40]} {[%emt 00:00:12]} Kg4 {[%clk 00:12:05]}
{[%emt 00:01:02]} 59. a7 {[%clk 00:14:47]} {[%emt 00:00:08]} Kf5 {[%clk
00:12:00]} {[%emt 00:00:19]} 60. a8=Q {[%clk 00:14:47]} {[%emt 00:00:14]} Kg5
{[%clk 00:11:58]} {[%emt 00:00:19]} 61. Qf8 {[%clk 00:14:51]} {[%emt 00:01:23]}
Kg4 {[%clk 00:11:59]} {[%emt 00:00:14]} 62. Kc6 {[%clk 00:14:49]} {[%emt
00:00:18]} Kg5 {[%clk 00:11:26]} {[%emt 00:00:46]} 63. Kxd6 {[%clk 00:14:53]}
{[%emt 00:00:11]} Kg4 {[%clk 00:11:31]} {[%emt 00:00:12]} 64. Ke5 {[%clk
00:15:01]} {[%emt 00:00:06]} Kg3 {[%clk 00:11:24]} {[%emt 00:00:23]} 65. Qf4+
{[%clk 00:15:09]} {[%emt 00:00:06]} Kg2 {[%clk 00:10:54]} {[%emt 00:00:45]} 66.
Ke4 {[%clk 00:15:18]} {[%emt 00:00:06]} Kh3 {[%clk 00:09:47]} {[%emt 00:01:22]}
67. Qg5 {[%clk 00:15:25]} {[%emt 00:00:08]} Kh2 {[%clk 00:09:49]} {[%emt
00:00:12]} 68. Kf3 {[%clk 00:15:27]} {[%emt 00:00:13]} Kh1 {[%clk 00:09:39]}
{[%emt 00:00:25]} 69. Qg2# {[%clk 00:15:36]} {[%emt 00:00:06]} 1-0